SCALLOP AND QUEEN FISHERIES IN THE BRITISH (Registro nro. 234149)
[ vista simple ]
| 000 -LEADER | |
|---|---|
| campo de control de longitud fija | 00459nam a2200193Ia 4500 |
| 005 - FECHA Y HORA DE LA ÚLTIMA TRANSACCIÓN | |
| campo de control | 20250425162656.0 |
| 008 - DATOS DE LONGITUD FIJA--INFORMACIÓN GENERAL | |
| campo de control de longitud fija | 250425s9999 xx 000 0 und d |
| 041 ## - CÓDIGO DE IDIOMA | |
| Código de lengua del texto/banda sonora o título independiente | eng |
| 082 ## - NÚMERO DE LA CLASIFICACIÓN DECIMAL DEWEY | |
| Número de clasificación | 594 |
| 010 ## - NÚMERO DE CONTROL DE LA BIBLIOTECA DEL CONGRESO | |
| Número de control de LC | 95979 |
| 100 ## - ENTRADA PRINCIPAL--NOMBRE DE PERSONA | |
| Nombre de persona | MASON, JAMES |
| 245 #0 - MENCIÓN DEL TÍTULO | |
| Título | SCALLOP AND QUEEN FISHERIES IN THE BRITISH |
| 250 ## - MENCION DE EDICION | |
| Mención de edición | S.E |
| 260 ## - PUBLICACIÓN, DISTRIBUCIÓN, ETC. | |
| Lugar de publicación, distribución, etc. | Estados Unidos |
| Nombre del editor, distribuidor, etc. | FISHING NEWS BOOKS LTD |
| Fecha de publicación, distribución, etc. | 1983 |
| 300 ## - DESCRIPCIÓN FÍSICA | |
| Extensión | 144 |
| 650 ## - PUNTO DE ACCESO ADICIONAL DE MATERIA--TÉRMINO DE MATERIA | |
| Término de materia o nombre geográfico como elemento de entrada | MOLUSCOS |
| 650 ## - PUNTO DE ACCESO ADICIONAL DE MATERIA--TÉRMINO DE MATERIA | |
| Término de materia o nombre geográfico como elemento de entrada | SCALLOPS |
| 942 ## - ELEMENTOS DE ENTRADA SECUNDARIOS (KOHA) | |
| Tipo de ítem Koha | Libros |
| Estatus retirado | Estado de pérdida | Estado de daño | No para préstamo | Biblioteca de origen | Biblioteca actual | Fecha de adquisición | Coste, precio normal de compra | Total de préstamos | Código de barras | Copia número |
|---|---|---|---|---|---|---|---|---|---|---|
| CENTRO NACIONAL DE INVESTIGACIONES MARINAS | CENTRO NACIONAL DE INVESTIGACIONES MARINAS | 23/11/2015 | 37.00 | 65455 | 1 |